Trang đời huyền thoại

Gồm những mẩu chuyện ghi lại những kỳ tích anh hùng, những đóng góp lớn lao và những cống hiến hi sinh vô bờ bến của các bà mẹ Việt Nam Anh hùng

Gorde:
Xehetasun bibliografikoak
Egile nagusia: Hoàng Minh Nhân (ch.b.)
Beste egile batzuk: Trần Thị Xuân Thu, Lê Anh Dũng, Nguyễn Văn Đạt, Hàng Chức Nguyên, Lê Trung Vịêt
Formatua: Liburua
Hizkuntza:Vietnamese
Argitaratua: H. Chính trị Quốc gia 2004
Gaiak:
Etiketak: Etiketa erantsi
Etiketarik gabe, Izan zaitez lehena erregistro honi etiketa jartzen!
Thư viện lưu trữ: Mạng thư viện Đại học Đà Nẵng
LEADER 01936nam a22004698a 4500
001 000007439
003 3601
005 20111003151048.0
008 111003s2004 viesd
020 |c 250000đ  |d 1000b 
041 |a vie 
082 |a 895.9228  |b HO-N 
084 |a V6(1)7-46 
084 |b TR106Đ 
100 0 |a Hoàng Minh Nhân 
245 |a Trang đời huyền thoại  |c Hoàng Minh Nhân ch.b; Trần Thị Xuân Thu, Lê Anh Dũng, Lê Trung Việt... ; 
260 |a H.  |b Chính trị Quốc gia  |c 2004 
300 |a 750 tr.  |b ảnh, 6tr. ảnh  |c 19 cm. 
520 |a Gồm những mẩu chuyện ghi lại những kỳ tích anh hùng, những đóng góp lớn lao và những cống hiến hi sinh vô bờ bến của các bà mẹ Việt Nam Anh hùng 
650 7 |2 Bộ TKTVQG  |a Văn học hiện đại 
650 7 |2 Bộ TKTVQG  |a Bà mẹ Việt Nam anh hùng 
651 7 |2 Bộ TKTVQG  |a Việt Nam 
655 7 |2 Bộ TKTVQG  |a Truyện kí 
700 0 |a Trần Thị Xuân Thu 
700 0 |a Lê Anh Dũng 
700 0 |a Nguyễn Văn Đạt 
700 0 |a Hoàng Minh Nhân  |e ch.b. 
700 0 |a Hàng Chức Nguyên 
700 0 |a Lê Trung Vịêt 
910 |a Huỳnh Thị Cẩm Lai  |d 03/10/2011 
OWN |a LSP 
AVA |a UDN50  |b LNN  |d 895.922 TR-H  |e available  |t Error 5001 Not defined in file expand_doc_bib_avail.  |f 1  |g 0  |h N  |i 0 
AVA |a UDN50  |b LSP  |d 895.9228 HO-N  |e available  |t Error 5001 Not defined in file expand_doc_bib_avail.  |f 1  |g 0  |h N  |i 0  |k 1 
999 |a From the UDN01 
AVA |a UDN50  |b LNN  |d 895.922 TR-H  |e available  |t Error 5001 Not defined in file expand_doc_bib_avail.  |f 1  |g 0  |h N  |i 0 
AVA |a UDN50  |b LSP  |d 895.9228 HO-N  |e available  |t Error 5001 Not defined in file expand_doc_bib_avail.  |f 1  |g 0  |h N  |i 0  |k 1 
TYP |a Monograph 
TYP |a Printed language 
980 |a Mạng thư viện Đại học Đà Nẵng